[Event "2. Wittelsbacher Weihnachts-Schach-Open"]
[Site "Kelheim"]
[Date "2013.12.27"]
[Round "1.26"]
[White "Zinner, Bernhard"]
[Black "Burgard, Manfred"]
[Result "1-0"]
[WhiteElo "1656"]
[BlackElo "1411"]
[PlyCount "89"]
[EventDate "2013.??.??"]
[WhiteTeam "TV 1862 Geiselhöring"]
[BlackTeam "Schachfreunde Roding"]

1. d4 Nf6 2. c4 e6 3. Nc3 Bb4 4. Bd2 c5 5. a3 Bxc3 6. Bxc3 cxd4 7. Bxd4 Nc6 8.
Nf3 b6 9. Rb1 Nxd4 10. Nxd4 Bb7 11. Nb5 d5 12. cxd5 Bxd5 13. Qa4 O-O 14. Rd1
Qe8 15. e3 a6 16. Nc3 b5 17. Qh4 Bb3 18. Rd4 e5 19. Rd6 Qc8 20. Be2 Rd8 21.
Rxf6 gxf6 22. Qxf6 Qe6 23. Qh4 Qg6 24. O-O Rd2 25. Bf3 Rad8 26. Ne4 Bc2 27.
Nxd2 Rxd2 28. Rc1 Qd3 29. Qg5+ Kf8 30. Qxe5 Rxf2 31. Qb8+ Ke7 32. Qb7+ Kf8 33.
Qc8+ Ke7 34. Qc5+ Kd8 35. Kxf2 Qd2+ 36. Kg3 Qxc1 37. Bc6 Qe1+ 38. Kh3 Qd1 39.
Qf8+ Kc7 40. Bf3 Qd7+ 41. g4 f5 42. Qc5+ Kd8 43. Qxc2 fxg4+ 44. Bxg4 Qd6 45.
Qd1 1-0

[Event "2. Wittelsbacher Weihnachts-Schach-Open"]
[Site "Kelheim"]
[Date "2013.12.27"]
[Round "1.27"]
[White "Brunner, Tobias"]
[Black "Hessler, Markus"]
[Result "0-1"]
[WhiteElo "1410"]
[BlackElo "1714"]
[PlyCount "116"]
[EventDate "2013.??.??"]
[WhiteTeam "TSV Nittenau"]
[BlackTeam "Schachfreunde Roding"]

1. e4 d6 2. d4 Nf6 3. Nc3 c6 4. Bf4 Nbd7 5. Nf3 g6 6. Bc4 Bg7 7. O-O b5 8. Bd3
a6 9. Ne2 O-O 10. Ng3 Bb7 11. c4 bxc4 12. Bxc4 c5 13. e5 Nd5 14. Bxd5 Bxd5 15.
exd6 Bxf3 16. Qxf3 Bxd4 17. Rab1 e5 18. Bh6 Re8 19. Ne4 Rb8 20. Bg5 Qb6 21. Qh3
Qc6 22. Qxd7 Qxe4 23. Qc7 Qb7 24. Qxb7 Rxb7 25. g3 Re6 26. Be7 f5 27. b3 Kf7
28. Rbc1 Ke8 29. Rc4 Kd7 30. Kg2 e4 31. Rfc1 Be5 32. Rxc5 Bxd6 33. Bxd6 Rxd6
34. Rc8 Rd2 35. Rh8 Kd6 36. Rd8+ Rd7 37. Rxd7+ Kxd7 38. a4 e3 39. Re1 exf2 40.
Rf1 Rb2 41. Rxf2 Rxb3 42. Rd2+ Kc6 43. Re2 Rd3 44. Rb2 Kc5 45. Rb7 h5 46. Rc7+
Kb6 47. Rc4 Rd6 48. Kf3 Rc6 49. Rd4 Kc5 50. Rd1 Kb4 51. Ra1 g5 52. Ke3 Rc2 53.
h4 Rc3+ 54. Kd4 Rxg3 55. hxg5 Rxg5 56. Ke5 h4 57. Kf4 Rh5 58. a5 h3 0-1

[Event "2. Wittelsbacher Weihnachts-Schach-Open"]
[Site "Kelheim"]
[Date "2013.12.27"]
[Round "1.28"]
[White "Obermeier, Johannes"]
[Black "Koller, Andreas"]
[Result "1-0"]
[WhiteElo "1647"]
[BlackElo "1350"]
[PlyCount "91"]
[EventDate "2013.??.??"]
[WhiteTeam "SK Kelheim 1920"]
[BlackTeam "TSV Mainburg"]

1. e4 e5 2. Nf3 Nc6 3. Bc4 Nf6 4. Ng5 d5 5. exd5 Na5 6. Bb5+ c6 7. dxc6 bxc6 8.
Qf3 Qd5 9. Qxd5 Nxd5 10. Bd3 Nf6 11. a3 h6 12. Ne4 Be7 13. b4 Nb7 14. Bb2 Bf5
15. Nxf6+ Bxf6 16. Bxf5 O-O 17. Nc3 Nd6 18. Bd3 Rfe8 19. Ne4 Nxe4 20. Bxe4 Rac8
21. O-O c5 22. b5 Bg5 23. Bc6 Red8 24. d3 f6 25. g3 Bd2 26. a4 Ba5 27. Ba3 Bb4
28. Bxb4 cxb4 29. Rab1 Rd4 30. Rb3 a5 31. Re1 Kf7 32. c4 g5 33. Re4 Ke6 34.
Rxd4 exd4 35. Rb1 Rc7 36. Bd5+ Kd6 37. b6 Re7 38. b7 Kc7 39. Kf1 Kb8 40. Re1
Rxb7 41. Bxb7 Kxb7 42. Kg2 Kb6 43. Kf3 Kc6 44. Rb1 Kd6 45. Ke4 Ke6 46. Kxd4 1-0

[Event "2. Wittelsbacher Weihnachts-Schach-Open"]
[Site "Kelheim"]
[Date "2013.12.27"]
[Round "1.29"]
[White "Mosler, Ernst"]
[Black "Dietl, Harald"]
[Result "1/2-1/2"]
[WhiteElo "1336"]
[BlackElo "1798"]
[PlyCount "66"]
[EventDate "2013.??.??"]
[WhiteTeam "SV Wettstetten e.V."]
[BlackTeam "SK Abensberg"]

1. e4 c5 2. Nf3 d6 3. d4 cxd4 4. Nxd4 Nf6 5. Nc3 g6 6. Be3 Bg7 7. Qd2 O-O 8.
O-O-O Ng4 9. h3 Nxe3 10. Qxe3 a6 11. Bc4 Nd7 12. a3 b5 13. Ba2 Nb6 14. Nc6 Qc7
15. Nxe7+ Qxe7 16. Qxb6 Bxc3 17. bxc3 Bb7 18. Qxd6 Qxe4 19. Bd5 Bxd5 20. Qxd5
Qf4+ 21. Qd2 Qc4 22. Kb2 a5 23. Qd4 Qc6 24. Qd5 Qf6 25. Qd4 Qc6 26. Qd5 Qb6 27.
Qd4 Qb7 28. Qd5 Qe7 29. Qd6 Qa7 30. Qd4 b4 31. Qxa7 bxa3+ 32. Kxa3 Rxa7 33.
Rhe1 Rc7 1/2-1/2

[Event "2. Wittelsbacher Weihnachts-Schach-Open"]
[Site "Kelheim"]
[Date "2013.12.27"]
[Round "1.30"]
[White "Kellner, Christian"]
[Black "Adlhoch, Walter"]
[Result "1-0"]
[WhiteElo "1623"]
[BlackElo "1258"]
[PlyCount "65"]
[EventDate "2013.??.??"]
[WhiteTeam "SK Kelheim 1920"]
[BlackTeam "SK Schwandorf"]

1. c4 c5 2. Nc3 Nc6 3. g3 g6 4. Bg2 Bg7 5. e3 e5 6. Nge2 d6 7. O-O Be6 8. b3
Qd7 9. Re1 Nge7 10. Bb2 O-O 11. Ne4 Bh3 12. Bh1 Bf5 13. f4 a6 14. d4 exd4 15.
exd4 Bg4 16. Qd2 Bxe2 17. Rxe2 Nxd4 18. Bxd4 Bxd4+ 19. Qxd4 cxd4 20. Nf6+ Kg7
21. Nxd7 Rfe8 22. Rae1 d3 23. Rd2 Nc6 24. Rxe8 Rxe8 25. Bxc6 bxc6 26. Rxd3 Re1+
27. Kf2 Ra1 28. Rxd6 Rxa2+ 29. Kf3 Ra3 30. Nc5 a5 31. Rxc6 a4 32. Ra6 f5 33.
Rxa4 1-0

[Event "2. Wittelsbacher Weihnachts-Schach-Open"]
[Site "Kelheim"]
[Date "2013.12.27"]
[Round "1.31"]
[White "Rösch, Maximilian"]
[Black "Fröhlich, Manuel"]
[Result "1-0"]
[WhiteElo "1235"]
[BlackElo "1727"]
[PlyCount "80"]
[EventDate "2013.??.??"]
[WhiteTeam "SK Kelheim 1920"]
[BlackTeam "TSV Oberviechtach"]

1. e4 c5 2. Nf3 Nc6 3. d4 cxd4 4. Nxd4 e5 5. Nb3 Nf6 6. Nc3 Bb4 7. Bd3 d6 8.
Bd2 Be6 9. Ne2 Bxd2+ 10. Qxd2 d5 11. exd5 Bxd5 12. f3 e4 13. fxe4 Nxe4 14. Qe3
Qg5 15. Qxg5 Nxg5 16. Nf4 Bxb3 17. axb3 O-O 18. O-O-O Rfe8 19. Rhe1 Nd4 20.
Rxe8+ Rxe8 21. Bxh7+ Kxh7 22. Rxd4 Re7 23. Rd2 Rc7 24. Re2 Kh6 25. h4 Nh7 26.
Nd5 Rc5 27. Nc3 Rc7 28. Nb5 Rd7 29. Nxa7 Kh5 30. g3 Kg4 31. Nb5 Kxg3 32. Nc3 f5
33. Re1 Nf6 34. Rf1 Kg4 35. Ne2 Nh5 36. Rh1 f4 37. Rg1+ Kf3 38. Nc3 Ng3 39. h5
Nxh5 40. Rg6 Ng3 1-0

[Event "2. Wittelsbacher Weihnachts-Schach-Open"]
[Site "Kelheim"]
[Date "2013.12.27"]
[Round "1.32"]
[White "Schindler, Tobias"]
[Black "Voigt, Tobias"]
[Result "1-0"]
[WhiteElo "1594"]
[BlackElo "1212"]
[PlyCount "83"]
[EventDate "2013.??.??"]
[WhiteTeam "SK Kelheim 1920"]
[BlackTeam "Schachklub München Südost e.V."]

1. c4 g6 2. g3 Bg7 3. Bg2 e6 4. Nc3 Ne7 5. Nf3 b6 6. O-O Bb7 7. d3 O-O 8. Bf4
d5 9. cxd5 Nxd5 10. Nxd5 Bxd5 11. Qc2 c5 12. Rac1 Nc6 13. a3 Nd4 14. Nxd4 Bxg2
15. Kxg2 Bxd4 16. Bd2 h5 17. Bc3 h4 18. Bxd4 Qxd4 19. Qc3 Qd5+ 20. f3 Qh5 21.
Qf6 h3+ 22. Kh1 Qh6 23. Rc4 Rad8 24. Rh4 Qg7 25. Qxg7+ Kxg7 26. Rc1 Rh8 27.
Rhc4 Rh5 28. Kg1 Re5 29. Kf2 g5 30. g4 f5 31. R1c2 Rf8 32. Kg3 Rh8 33. d4 cxd4
34. Rxd4 Rh4 35. Rd7+ Kf6 36. gxf5 Kxf5 37. Rxa7 Re3 38. Kf2 Rb3 39. Rac7 e5
40. e4+ Kg6 41. R2c6+ Kh5 42. Rh7# 1-0

[Event "2. Wittelsbacher Weihnachts-Schach-Open"]
[Site "Kelheim"]
[Date "2013.12.27"]
[Round "1.33"]
[White "Geitner, Alexander"]
[Black "Müller, Johannes"]
[Result "0-1"]
[WhiteElo "1116"]
[BlackElo "1580"]
[PlyCount "50"]
[EventDate "2013.??.??"]
[WhiteTeam "SC Anderssen Nürnberg 1929 e.V."]
[BlackTeam "SK Kelheim 1920"]

1. e4 e5 2. Nf3 Nc6 3. Bc4 Bc5 4. c3 Nf6 5. d4 exd4 6. cxd4 Bb4+ 7. Bd2 Bxd2+
8. Nbxd2 d5 9. exd5 Nxd5 10. O-O O-O 11. a3 Nb6 12. Bd3 Nxd4 13. Nxd4 Qxd4 14.
Qc2 g6 15. Nb3 Qf4 16. g3 Qf6 17. Be4 c6 18. Bg2 Bf5 19. Qc1 Rfe8 20. Nc5 Re7
21. b4 Rae8 22. Qf4 Qxa1 23. Rxa1 Re1+ 24. Rxe1 Rxe1+ 25. Bf1 Bh3 0-1

[Event "2. Wittelsbacher Weihnachts-Schach-Open"]
[Site "Kelheim"]
[Date "2013.12.27"]
[Round "1.34"]
[White "Voith, Walter"]
[Black "Schwab, Leon"]
[Result "1-0"]
[WhiteElo "1677"]
[BlackElo "967"]
[PlyCount "87"]
[EventDate "2013.??.??"]
[WhiteTeam "TSV Oberviechtach"]
[BlackTeam "SK Kelheim 1920"]

1. Nf3 Nf6 2. g3 d5 3. Bg2 Bf5 4. O-O g6 5. d3 Nc6 6. Nbd2 Bg7 7. Re1 O-O 8. e4
Bg4 9. h3 Bxf3 10. Bxf3 e6 11. c3 Ne5 12. Be2 dxe4 13. Nxe4 Nxe4 14. dxe4 Qxd1
15. Rxd1 f5 16. f4 Nc6 17. e5 Rfd8 18. Be3 a6 19. Kf1 Kf7 20. Bf3 Ke7 21. Ke2
Bh6 22. a4 Rg8 23. h4 Rgd8 24. b4 Bf8 25. Rxd8 Kxd8 26. Rd1+ Ke8 27. g4 Rd8 28.
g5 Rxd1 29. Kxd1 Kd7 30. Kc2 b6 31. Kb3 a5 32. b5 Ne7 33. c4 c6 34. Bxb6 cxb5
35. axb5 Nc8 36. Bxa5 Bc5 37. Bd2 Nb6 38. h5 Ke7 39. hxg6 hxg6 40. Bc6 Kd8 41.
Kc3 Na4+ 42. Kb3 Nb6 43. Ba5 Kc7 44. Be8 1-0

[Event "2. Wittelsbacher Weihnachts-Schach-Open"]
[Site "Kelheim"]
[Date "2013.12.27"]
[Round "1.35"]
[White "Haxhija, Florim"]
[Black "Braun, Kristin"]
[Result "0-1"]
[WhiteElo "796"]
[BlackElo "1780"]
[PlyCount "56"]
[EventDate "2013.??.??"]
[WhiteTeam "SK Kelheim 1920"]
[BlackTeam "SC Forchheim e.V."]

1. e4 d5 2. Nc3 d4 3. Nce2 e5 4. Nf3 Bd6 5. g3 c5 6. d3 Nc6 7. c4 Nb4 8. a3 Qa5
9. Qb3 Nxd3+ 10. Kd1 Nxf2+ 11. Kc2 d3+ 12. Kb1 dxe2 13. Bg2 Nxh1 14. Bd2 Qxd2
15. Ka2 Qa5 16. Bxh1 b5 17. Qxb5+ Qxb5 18. cxb5 Be6+ 19. b3 Rb8 20. a4 c4 21.
bxc4 Bxc4+ 22. Kb2 a6 23. Nd2 axb5 24. axb5 Bxb5 25. Kc1 e1=Q+ 26. Kb2 Qxd2+
27. Kb3 Bd3+ 28. Ka4 Qb4# 0-1

[Event "2. Wittelsbacher Weihnachts-Schach-Open"]
[Site "Kelheim"]
[Date "2013.12.27"]
[Round "2.1"]
[White "Krivoborodov, Egor"]
[Black "Blodig, Constantin"]
[Result "1-0"]
[WhiteElo "2500"]
[BlackElo "1932"]
[PlyCount "127"]
[EventDate "2013.??.??"]
[WhiteTeam "SC Garching 1980 e.V."]
[BlackTeam "SK Kelheim 1920"]

1. e4 e5 2. Nf3 Nc6 3. Bb5 Bc5 4. O-O Nd4 5. Nxd4 Bxd4 6. c3 Bb6 7. d4 c6 8.
Bc4 d6 9. Qb3 Qe7 10. Be3 Bc7 11. a4 Nf6 12. dxe5 Nxe4 13. exd6 Nxd6 14. Bd3
Bf5 15. Qc2 Bxd3 16. Qxd3 O-O 17. Nd2 Qf6 18. Nf3 h6 19. Rad1 Rfd8 20. Bd4 Qf5
21. Qxf5 Nxf5 22. Be5 Rxd1 23. Rxd1 Bxe5 24. Nxe5 Re8 25. Nd3 b6 26. Kf1 Kf8
27. Nb4 Re6 28. Rd7 a5 29. Nd3 Re7 30. Rd8+ Re8 31. Rxe8+ Kxe8 32. Ne5 Ne7 33.
Nc4 Nd5 34. Ke2 f6 35. Nd6+ Ke7 36. Nf5+ Kf7 37. Nd4 c5 38. Nf5 Nf4+ 39. Kd2
Nxg2 40. Nd6+ Ke6 41. Nc8 Nh4 42. Ke2 Nf5 43. Nxb6 Nd6 44. Kd3 h5 45. Nc4 Nb7
46. Ne3 Nd6 47. Nc2 Kf5 48. b4 cxb4 49. cxb4 axb4 50. Nxb4 Kg4 51. a5 Nb7 52.
a6 Nc5+ 53. Ke2 Nxa6 54. Nxa6 Kh3 55. Nc7 g5 56. Ne8 f5 57. Ng7 h4 58. Nxf5
Kxh2 59. Kf1 g4 60. Nxh4 g3 61. f4 Kh3 62. f5 Kxh4 63. f6 Kh3 64. Kg1 1-0

[Event "2. Wittelsbacher Weihnachts-Schach-Open"]
[Site "Kelheim"]
[Date "2013.12.27"]
[Round "2.2"]
[White "Maurer, Heinrich"]
[Black "Berchtenbreiter, Maximilian"]
[Result "0-1"]
[WhiteElo "2115"]
[BlackElo "2410"]
[PlyCount "86"]
[EventDate "2013.??.??"]
[WhiteTeam "SK Kelheim 1920"]
[BlackTeam "SG Pang-Rosenheim 1910 e.V."]

1. e4 c6 2. d4 d5 3. Nc3 g6 4. e5 h5 5. Nf3 Nh6 6. Bd3 Bf5 7. Bf4 e6 8. Qd2 Nd7
9. h3 Bxd3 10. Qxd3 Nf5 11. O-O-O h4 12. g4 hxg3 13. fxg3 b5 14. g4 Nh4 15.
Nxh4 Qxh4 16. Nb1 Nb6 17. Nd2 Nc4 18. Nb3 a5 19. Nc5 Bxc5 20. dxc5 Nxe5 21. Qe2
Nc4 22. b3 Qf6 23. bxc4 Qxf4+ 24. Qd2 Qxd2+ 25. Kxd2 dxc4 26. Kc3 Rd8 27. Rxd8+
Kxd8 28. h4 Ke7 29. Kd4 Rd8+ 30. Ke4 f5+ 31. gxf5 exf5+ 32. Kf4 Kf6 33. h5 g5+
34. Kf3 Rd4 35. Re1 g4+ 36. Kg3 Kg5 37. Re5 Re4 38. Rxe4 fxe4 39. h6 Kxh6 40.
Kxg4 b4 41. Kf4 a4 42. Kxe4 b3 43. cxb3 cxb3 0-1

[Event "2. Wittelsbacher Weihnachts-Schach-Open"]
[Site "Kelheim"]
[Date "2013.12.27"]
[Round "2.3"]
[White "Kreuzer, Martin"]
[Black "Simons, Peter"]
[Result "1-0"]
[WhiteElo "2340"]
[BlackElo "1985"]
[PlyCount "61"]
[EventDate "2013.??.??"]
[WhiteTeam "SK Kelheim 1920"]
[BlackTeam "Verein Rheinbacher Schachfreunde"]

1. e4 c6 2. d4 d5 3. exd5 cxd5 4. Bd3 Nc6 5. c3 Qc7 6. h3 Nf6 7. Nf3 g6 8. O-O
Bf5 9. Bxf5 gxf5 10. Re1 Bg7 11. Nh4 O-O-O 12. Nxf5 Rhg8 13. Qf3 Ne4 14. Bf4
Qd7 15. Ng3 f5 16. Qh5 e6 17. Nd2 Rdf8 18. Nb3 e5 19. dxe5 Bxe5 20. Qf3 Qf7 21.
Nh5 Ng5 22. Bxg5 Rxg5 23. Nd4 Bxd4 24. cxd4 f4 25. h4 Rf5 26. Qg4 Qd7 27. Rac1
R8f7 28. b4 Kb8 29. b5 Nxd4 30. Ng7 Re5 31. Rxe5 1-0

[Event "2. Wittelsbacher Weihnachts-Schach-Open"]
[Site "Kelheim"]
[Date "2013.12.27"]
[Round "2.4"]
[White "Watzenberger, Stefan"]
[Black "Maier, Alexander"]
[Result "0-1"]
[WhiteElo "2044"]
[BlackElo "2297"]
[PlyCount "78"]
[EventDate "2013.??.??"]
[WhiteTeam "SC Sendling e.V."]
[BlackTeam "SK Ingolstadt"]

1. e4 Nc6 2. d4 d5 3. exd5 Qxd5 4. Nf3 e5 5. Nc3 Bb4 6. Bd2 Bxc3 7. Bxc3 e4 8.
Ne5 Nxe5 9. dxe5 Ne7 10. Qe2 Be6 11. Rd1 Qc6 12. Rd4 Bd5 13. Qg4 h5 14. Qxg7
O-O-O 15. Qf6 Qc5 16. g3 Nc6 17. Rd1 e3 18. f3 Bxa2 19. Bd3 Kb8 20. Qf4 Rhe8
21. Ke2 Nxe5 22. Bxe5 Rxe5 23. Qa4 Be6 24. Ra1 Qb6 25. Rhd1 Red5 26. Ra3 Re5
27. b4 h4 28. Rda1 a6 29. b5 Rd4 30. Qa5 Qd6 31. Qe1 Rc5 32. bxa6 Rxd3 33. cxd3
Qc6 34. axb7 Kxb7 35. Ra8 Rc2+ 36. Kd1 Qc5 37. R1a7+ Kc6 38. Ra1 Bb3 39. Qa5
e2+ 0-1

[Event "2. Wittelsbacher Weihnachts-Schach-Open"]
[Site "Kelheim"]
[Date "2013.12.27"]
[Round "2.5"]
[White "Gießmann, Stephan"]
[Black "Seitner, Ralf"]
[Result "1-0"]
[WhiteElo "2259"]
[BlackElo "1902"]
[PlyCount "103"]
[EventDate "2013.??.??"]
[WhiteTeam "SK Kelheim 1920"]
[BlackTeam "SK Ingolstadt"]

1. d4 Nf6 2. Bf4 d5 3. e3 e6 4. Bd3 Bd6 5. Nf3 O-O 6. Ne5 Nbd7 7. Nd2 Qe7 8.
Qf3 c5 9. c3 Rd8 10. g4 Nf8 11. g5 Ne8 12. Rg1 cxd4 13. exd4 Ng6 14. Bxg6 fxg6
15. Qh3 Bxe5 16. Bxe5 Nd6 17. Qg4 Qf7 18. h4 Qf5 19. Bxd6 Qxg4 20. Rxg4 Rxd6
21. Rf4 Bd7 22. Nf3 Ba4 23. Kd2 Rf8 24. Rxf8+ Kxf8 25. Re1 Ke7 26. Ne5 Rd8 27.
Re3 Rf8 28. Rf3 Rxf3 29. Nxf3 Kd6 30. Ne5 Be8 31. b3 Bb5 32. c4 Be8 33. c5+ Ke7
34. Kc3 Kd8 35. Kb4 b6 36. cxb6 axb6 37. a4 Kc7 38. a5 Kb7 39. f4 Ka7 40. Nd3
Bd7 41. axb6+ Kxb6 42. Nc5 Bc8 43. Ka4 Ba6 44. Nxa6 Kxa6 45. b4 Kb6 46. b5 Kb7
47. Ka5 Kc7 48. b6+ Kb8 49. Ka6 Ka8 50. b7+ Kb8 51. Kb6 h5 52. Kc6 1-0

[Event "2. Wittelsbacher Weihnachts-Schach-Open"]
[Site "Kelheim"]
[Date "2013.12.27"]
[Round "2.6"]
[White "Schmitz, Björn"]
[Black "Spieß, Martin"]
[Result "0-1"]
[WhiteElo "1742"]
[BlackElo "2147"]
[PlyCount "60"]
[EventDate "2013.??.??"]
[WhiteTeam "SV Saal/Donau e.V.SAbt"]
[BlackTeam "SK Ingolstadt"]

1. d4 Nf6 2. c4 g6 3. Nc3 d5 4. Nf3 Bg7 5. Qb3 dxc4 6. Qxc4 O-O 7. e4 Nc6 8.
Be2 Bg4 9. Be3 Bxf3 10. gxf3 e5 11. d5 Nd4 12. Bxd4 exd4 13. Qxd4 Nh5 14. Qd2
Be5 15. Bc4 Qf6 16. Be2 c6 17. Rd1 Rad8 18. Rg1 Nf4 19. Rg4 h5 20. Rg1 Rfe8 21.
Qc2 Qh4 22. Rd2 Qxh2 23. Rf1 h4 24. Kd1 h3 25. Kc1 Qg2 26. Rdd1 h2 27. Kb1 Kg7
28. Rde1 Rh8 29. Qd1 Bxc3 30. bxc3 Nxe2 0-1

[Event "2. Wittelsbacher Weihnachts-Schach-Open"]
[Site "Kelheim"]
[Date "2013.12.27"]
[Round "2.7"]
[White "Fuhrmann, Max"]
[Black "Goderbauer, Benedikt"]
[Result "1-0"]
[WhiteElo "2130"]
[BlackElo "1760"]
[PlyCount "137"]
[EventDate "2013.??.??"]
[WhiteTeam "SK Kelheim 1920"]
[BlackTeam "SC Moosburg 1956 e.V."]

1. e4 c6 2. d4 d5 3. Nc3 dxe4 4. Nxe4 Nd7 5. Bc4 Ngf6 6. Ng5 e6 7. c3 Bd6 8.
Qe2 Nb6 9. Bb3 O-O 10. N1f3 Nbd5 11. Ne5 c5 12. O-O b6 13. c4 Ne7 14. dxc5 Bxc5
15. Rd1 Qc7 16. Bf4 Bd6 17. Rxd6 Qxd6 18. Ng6 Qd8 19. Nxf8 Qxf8 20. Bd6 Qd8 21.
Qf3 Nc6 22. Ba4 Bb7 23. Be5 Nxe5 24. Qxb7 Qc8 25. Qxc8+ Rxc8 26. b3 h6 27. Nh3
Rd8 28. f4 Neg4 29. Bc6 Rd2 30. Bf3 Ne3 31. Nf2 Kf8 32. Re1 Nf5 33. Re2 Rxe2
34. Bxe2 Nd4 35. Bd3 Ke7 36. Nd1 Kd6 37. b4 Nc6 38. a3 a5 39. b5 Nb8 40. Kf2
Nbd7 41. h3 Nc5 42. Bc2 e5 43. fxe5+ Kxe5 44. Ke3 Nh5 45. Nf2 f5 46. Bxf5 Kxf5
47. g4+ Kg5 48. gxh5 Kxh5 49. Nd3 Na4 50. Kf3 Kg5 51. Ne5 Nc5 52. Nc6 Kf5 53.
Ne7+ Ke6 54. Nd5 Nd7 55. Kf4 g6 56. Ke4 Kd6 57. Kd4 g5 58. Nxb6 Nxb6 59. c5+
Kc7 60. cxb6+ Kxb6 61. a4 h5 62. Ke4 g4 63. hxg4 hxg4 64. Kf4 Kc5 65. Kxg4 Kb4
66. b6 Kxa4 67. b7 Ka3 68. b8=Q a4 69. Qb5 1-0

[Event "2. Wittelsbacher Weihnachts-Schach-Open"]
[Site "Kelheim"]
[Date "2013.12.27"]
[Round "2.8"]
[White "Zeindlmeier, Thomas"]
[Black "Meulner, Klaus"]
[Result "0-1"]
[WhiteElo "2033"]
[BlackElo "2123"]
[PlyCount "107"]
[EventDate "2013.??.??"]
[WhiteTeam "SK Ingolstadt"]
[BlackTeam "SW Nürnberg Süd e.V."]

1. e4 d6 2. d4 Nf6 3. Nc3 c6 4. a4 a5 5. f4 d5 6. e5 Ng8 7. Nf3 Na6 8. Be3 Nh6
9. Qd2 Nb4 10. h3 Nf5 11. Bf2 h5 12. Ne2 h4 13. c3 Na6 14. Nc1 e6 15. Bd3 g6
16. Ne2 Be7 17. O-O b6 18. Kh2 Kf8 19. Rac1 Kg7 20. Rfd1 Bb7 21. Bb1 c5 22. Ne1
c4 23. Ba2 Nc7 24. Nc2 Qd7 25. b3 Rhc8 26. Ra1 cxb3 27. Bxb3 Ba6 28. Ne3 b5 29.
Nxf5+ gxf5 30. g4 hxg3+ 31. Nxg3 Rh8 32. Rg1 Kf8 33. Qd1 bxa4 34. Bxa4 Bb5 35.
Bxb5 Qxb5 36. Qa4 Qxa4 37. Rxa4 Nb5 38. Ne2 Na3 39. Ra1 Nc4 40. Nc1 Rb8 41. Nd3
Rb3 42. Be1 Rg8 43. R4a2 Ke8 44. Rg2 Rg6 45. h4 Kd7 46. Rxg6 fxg6 47. Kg3 Kc6
48. Nf2 Kb5 49. Nh3 Kc6 50. Ng5 Kd7 51. h5 gxh5 52. Kh4 Rb8 53. Kxh5 Rh8+ 54.
Kg6 0-1

[Event "2. Wittelsbacher Weihnachts-Schach-Open"]
[Site "Kelheim"]
[Date "2013.12.27"]
[Round "2.9"]
[White "Aigner, Georg"]
[Black "Ziegler, Michael"]
[Result "0-1"]
[WhiteElo "1896"]
[BlackElo "2171"]
[PlyCount "80"]
[EventDate "2013.??.??"]
[WhiteTeam "TSV Dietfurt/Altm. e.V."]
[BlackTeam "SC Prichsenstadt"]

1. e4 c5 2. Nf3 e6 3. d4 cxd4 4. Nxd4 Nc6 5. Be2 Nf6 6. Nxc6 bxc6 7. Qd3 d5 8.
exd5 cxd5 9. O-O Be7 10. Qg3 O-O 11. Nc3 Bb7 12. Bh6 Ne8 13. Bf4 Bd6 14. Bd3
Bxf4 15. Qxf4 Qb6 16. Ne2 Nf6 17. Ng3 Rab8 18. b3 a5 19. Rfc1 Qb4 20. Qxb4 axb4
21. a4 bxa3 22. Rxa3 Ra8 23. Rca1 Rxa3 24. Rxa3 Ra8 25. Rxa8+ Bxa8 26. f3 Kf8
27. Kf2 Ke7 28. Ke3 Kd6 29. Kd2 e5 30. Kc3 g5 31. h3 Bc6 32. Ba6 Nd7 33. Bf1 f6
34. Nh5 d4+ 35. Kd2 e4 36. f4 Nc5 37. Nxf6 h6 38. h4 Ne6 39. Be2 Kc5 40. g3 Bb5
{nicht rekonstruierbar...} 0-1

[Event "2. Wittelsbacher Weihnachts-Schach-Open"]
[Site "Kelheim"]
[Date "2013.12.27"]
[Round "2.10"]
[White "Weigert, Wilhelm"]
[Black "Nussbaumer Johann"]
[Result "1/2-1/2"]
[WhiteElo "2021"]
[BlackElo "2014"]
[PlyCount "42"]
[EventDate "2013.??.??"]
[WhiteTeam "SK Kelheim 1920"]
[BlackTeam "ASK St. Valentin"]

1. Nf3 d5 2. c4 c6 3. g3 e6 4. Bg2 Nf6 5. O-O Be7 6. d4 O-O 7. Qc2 b6 8. Nbd2
Bb7 9. Rd1 Na6 10. a3 c5 11. dxc5 bxc5 12. Ne5 Qc7 13. Ndf3 Bd6 14. Nd3 e5 15.
Nh4 e4 16. Ne1 d4 17. Bg5 Rfe8 18. Bxf6 gxf6 19. Nf5 Bf8 20. b4 Qe5 21. Nh4
cxb4 1/2-1/2

[Event "2. Wittelsbacher Weihnachts-Schach-Open"]
[Site "Kelheim"]
[Date "2013.12.27"]
[Round "2.11"]
[White "Strasser, Josef"]
[Black "Winterholler, Christina"]
[Result "1/2-1/2"]
[WhiteElo "1887"]
[BlackElo "1955"]
[PlyCount "64"]
[EventDate "2013.??.??"]
[WhiteTeam "Schach-Union München e.V."]
[BlackTeam "SK Ingolstadt"]

1. e4 Nc6 2. Nc3 e6 3. Nf3 Bb4 4. a3 Bxc3 5. bxc3 Nf6 6. e5 Nd5 7. c4 Nde7 8.
d4 d6 9. Bb2 dxe5 10. dxe5 Qxd1+ 11. Rxd1 b6 12. Bd3 Bb7 13. O-O Ng6 14. Rfe1
Ke7 15. a4 Na5 16. Nd2 Rhd8 17. Nb3 Nxb3 18. cxb3 Rd7 19. Bc2 Rad8 20. Rxd7+
Rxd7 21. Rd1 Rxd1+ 22. Bxd1 Nf4 23. f3 Nd3 24. Bc3 c5 25. Kf1 Nb4 26. Ke2 f6
27. g3 Bc6 28. Ke3 Na2 29. Bb2 Nb4 30. Bc3 Na2 31. Bb2 Nb4 32. Bc3 Na2 1/2-1/2

[Event "2. Wittelsbacher Weihnachts-Schach-Open"]
[Site "Kelheim"]
[Date "2013.12.27"]
[Round "2.12"]
[White "Eibl, Maximilian"]
[Black "Stutz, Robert"]
[Result "1-0"]
[WhiteElo "2168"]
[BlackElo "1859"]
[PlyCount "67"]
[EventDate "2013.??.??"]
[WhiteTeam "SK Kelheim 1920"]
[BlackTeam "TSV Grossmehring"]

1. e4 d6 2. d4 Nd7 3. Nc3 e5 4. Nf3 c6 5. Be3 Ngf6 6. h3 Be7 7. Qd2 b5 8. a3
Bb7 9. Bd3 O-O 10. g4 exd4 11. Nxd4 Ne5 12. f4 c5 13. fxe5 cxd4 14. Bxd4 dxe5
15. Bxe5 Nd7 16. Bg3 b4 17. axb4 Bxb4 18. O-O Nc5 19. Qe2 Ne6 20. Nd5 Bc5+ 21.
Kh2 Nd4 22. Qg2 a5 23. c3 Nb3 24. Rad1 Bc6 25. Bc4 a4 26. Nf6+ gxf6 27. Rxd8
Raxd8 28. Bxb3 axb3 29. Rxf6 Bb7 30. Qe2 Ra8 31. Qb5 Be7 32. Qg5+ Kh8 33. Be5
Ra5 34. Rxf7+ 1-0

[Event "2. Wittelsbacher Weihnachts-Schach-Open"]
[Site "Kelheim"]
[Date "2013.12.27"]
[Round "2.13"]
[White "Kammer, Christoph"]
[Black "Albrecht, Andreas"]
[Result "1-0"]
[WhiteElo "2004"]
[BlackElo "1676"]
[PlyCount "23"]
[EventDate "2013.??.??"]
[WhiteTeam "TSV Nittenau"]
[BlackTeam "Regensb. Turnerschaft"]

1. e4 d5 2. exd5 Nf6 3. d4 Nxd5 4. Nf3 Nc6 5. c4 Nb6 6. c5 Nd5 7. Bc4 g6 8. Nc3
e6 9. Qe2 Nce7 10. Bg5 c6 11. Ne4 Qc7 12. Nd6+ 1-0

[Event "2. Wittelsbacher Weihnachts-Schach-Open"]
[Site "Kelheim"]
[Date "2013.12.27"]
[Round "2.14"]
[White "Schmitz, Marc"]
[Black "Belz, Frank-Martin"]
[Result "1/2-1/2"]
[WhiteElo "1732"]
[BlackElo "2002"]
[PlyCount "72"]
[EventDate "2013.??.??"]
[WhiteTeam "SV Saal/Donau e.V.SAbt"]
[BlackTeam "SK Freising"]

1. c4 c6 2. Nf3 d5 3. b3 Bf5 4. Bb2 e6 5. g3 h6 6. Bg2 Nf6 7. O-O Nbd7 8. d3
Be7 9. Nbd2 O-O 10. Qc2 Bh7 11. Rac1 a5 12. a3 Qb6 13. Qc3 Rfe8 14. Rfd1 Bc5
15. d4 Bf8 16. c5 Qc7 17. b4 Ne4 18. Nxe4 Bxe4 19. Bh3 f6 20. Nd2 Bh7 21. Bg2
g5 22. e4 Bg7 23. Re1 dxe4 24. Bxe4 f5 25. Bg2 axb4 26. axb4 Nf6 27. Nc4 Nd5
28. Qb3 Qd7 29. Nd6 Reb8 30. Nc4 Ra6 31. Rc2 Kf8 32. Rce2 Bg8 33. Ne5 Bxe5 34.
Rxe5 Bf7 35. h4 Rba8 36. hxg5 hxg5 1/2-1/2

[Event "2. Wittelsbacher Weihnachts-Schach-Open"]
[Site "Kelheim"]
[Date "2013.12.27"]
[Round "2.15"]
[White "Seidenschwarz, Holger"]
[Black "Zinner, Bernhard"]
[Result "1-0"]
[WhiteElo "1982"]
[BlackElo "1656"]
[PlyCount "105"]
[EventDate "2013.??.??"]
[WhiteTeam "SC 1947 Beilngries"]
[BlackTeam "TV 1862 Geiselhöring"]

1. e4 d5 2. exd5 Qxd5 3. Nc3 Qa5 4. d4 c6 5. Bc4 Nf6 6. Bd2 Qd8 7. Nf3 e6 8.
Qe2 Bd6 9. O-O-O O-O 10. Rhe1 Re8 11. Bg5 h6 12. Bh4 Bf4+ 13. Kb1 b5 14. Bd3
Bb7 15. Bxf6 Qxf6 16. Qe4 b4 17. Qh7+ Kf8 18. Ne4 Qg6 19. Qxg6 fxg6 20. Nc5 Bc8
21. Bxg6 Re7 22. Ne5 Bxe5 23. Rxe5 Na6 24. Be4 Nxc5 25. Rxc5 Bb7 26. Bxc6 Rc8
27. Bxb7 Rxc5 28. dxc5 Rxb7 29. c6 Rc7 30. Rd8+ Ke7 31. Rd7+ Rxd7 32. cxd7 Kxd7
33. Kc1 Kd6 34. Kd2 Kd5 35. Kd3 e5 36. c4+ bxc3 37. Kxc3 a5 38. Kd3 e4+ 39. Ke3
a4 40. h4 g6 41. b3 a3 42. g4 g5 43. h5 Ke5 44. b4 Kd5 45. b5 Kc5 46. Kxe4 Kxb5
47. Kf5 Kc4 48. Kg6 Kc3 49. Kxh6 Kb2 50. Kxg5 Kxa2 51. h6 Kb1 52. h7 a2 53.
h8=Q 1-0